000 00541nam a2200193 i 4500
001 52160
003 ES-MaACL
005 20251014063117.0
007 t|
008 030826s1959 xxk ||||1| eng d
100 1 _aChristie, Agatha,
_d1890-1976
_938657
245 1 4 _aThe murder of Rogelio Ackroyd /
_cAgatha Christie.
260 _aLondon :
_bCollins,
_c[1959]
300 _a254 p. ;
_c18 cm.
490 1 _aFontana Books
830 0 _aFontana Books
_9182370
852 _aES-MaACL
_jC-18782
_bR.46224
999 _c52160
_d52160